| 000 | 00629nam a22001695i 4500 | ||
|---|---|---|---|
| 001 | 166024 | ||
| 003 | ES-MaACL | ||
| 005 | 20230906213241.0 | ||
| 008 | 981002s1900 sp |||| | spa d | ||
| 100 | 1 |
_aSobrini y Argullós, Gerardo. _9171551 |
|
| 245 | 1 | 3 |
_aLa defensa nacional y la Marina de guerra / _cpor Jack Tar [seud.]. |
| 260 |
_aCádiz : _b[s.n.], _c1900 ( _fTip. Gaditana de F. Rodríguez de Silva) |
||
| 300 |
_a55 p. ; _c21 cm. |
||
| 650 | 4 |
_aMarina de guerra- _zEspaña- _yS.XIX. _914783 |
|
| 651 | 4 |
_aEspaña- _xDefensa nacional. _98182 |
|
| 852 |
_aES-MaACL _jT-1004-F-4 _z- Enc. hol. _z- Enc. en un vol. facticio |
||
| 999 |
_c166024 _d166024 |
||